Príprava a vlastnosti YBCO tenkovrstvových supravodivých mostíkov ožiarených elektrónovým zväzkom

Salvato in:
Dettagli Bibliografici
Autore principale: Talacko, Marcel (Autore)
Altri autori: Chromik, Štefan (Relatore della tesi)
Natura: Manoscritto Libro
Lingua:slovacco
Pubblicazione: 2016
Soggetti:
Accesso online:http://is.stuba.sk/zp/portal_zp.pl?podrobnosti=130920
Tags: Aggiungi Tag
Nessun Tag, puoi essere il primo ad aggiungerne!!

MARC

LEADER 00000ntm a22000003a 4500
001 stuzp56257
003 SK-STU
005 20160905102743.3
007 ta
008 150427s2015----xo-----f-mn---000-0-slo-d
040 |a STU  |b slo 
041 0 |a slo 
044 |a xo 
100 1 |a Talacko, Marcel  |u 036000  |k Z4  |4 aut  |U FEI Fakulta elektrotechniky a informatiky  |T FEI Ústav jadrového a fyzikálneho inžinierstva  |X 9053  |U E060  |Y 817  |7 A000009053 
242 0 1 |a Preparation and transport properties of YBCO thin films superconducting bridges irradia-ted by electron beam  |y eng 
245 1 0 |a Príprava a vlastnosti YBCO tenkovrstvových supravodivých mostíkov ožiarených elektrónovým zväzkom 
260 |c 2016 
300 |a 56 s. 
650 4 |a YBaCuO  |2 slo 
650 4 |a supravodivosť  |2 slo 
650 4 |a ožarovanie elektrónmi  |2 slo 
650 4 |a tenké vrstvy  |2 slo 
650 4 |a electron irradiation  |2 eng 
650 4 |a thin films  |2 eng 
650 4 |a YBaCuO  |2 eng 
650 4 |a superconductivity  |2 eng 
700 1 |a Chromik, Štefan  |4 ths 
856 4 |u http://is.stuba.sk/zp/portal_zp.pl?podrobnosti=130920 
996 |b 284EP11447  |c E*DIPL- 11447  |l EE36  |s P  |a 0  |w stuzp56257_0001 
SQL |a stuzp56257  |b DDP  |c SLO  |d Príprava a vlastnosti YBCO tenkovrstvových supravodivých mostíkov ožiarených elektrónovým zväzkom  |e 9053  |f Talacko, Marcel  |g 036000  |h 5382  |i Chromik, Štefan  |j 20160614  |k 1173  |l 03  |m http://is.stuba.sk/zp/portal_zp.pl?podrobnosti=130920  |n I-JFI  |o 5.2.48. fyzikálne inžinierstvo